1982 hits: fill in the lyrics - Statistics

General Stats
  • This quiz has been taken 112 times
  • The average score is 9 of 15
Answer Stats
Artist Lyrics Answer % Correct
Survivor It's the ___ __ ___ _____, it's the thrill of the fight, risin' up to the challenge of our rival. eye of the tiger
96%
Journey Just a small town girl livin' in a lonely world. She took the midnight train going ________. Just a city boy, born and raised in South Detroit. He took the midnight train going ________. anywhere
89%
Soft Cell Once I ran to you. Now, I'll run from you. This _______ ____ you've given, I give you all a boy could give you, take my tears, and that’s not nearly all. tainted love
86%
Police Every little thing she does is _____. magic
80%
Paul McCartney and Stevie Wonder Ebony and ivory live together in _______ ______. Side by side on my piano keyboard, oh Lord, why don't we? perfect harmony
68%
The Go-Go's Doesn't matter what they say, in the jealous games people play. Hey, hey, hey. Our lips ___ ______. are sealed
63%
Olivia Newton-John Let's get into physical, let me hear your ____ ____. body talk
62%
Diana Ross Why does the rain fall from above? Why do _____ fall in love? Why do they fall in love? fools
60%
Willie Nelson Maybe I didn't treat you, quite as good as I should have. If I made you feel second best, girl I'm sorry I was blind. You were ______ __ __ ____. always on my mind
59%
Toto All I wanna do in the middle of the evening is hold you tight, _______, _______. I didn't know you were looking for more than I could ever be. Rosanna Rosanna
54%
Men at Work All I wish is to be alone. Stay away, don't you invade my home. Best off if you hang outside. Don't come in, I'll only run and hide. Who ___ __ __ ___? can it be now
53%
Tommy Tutone Jenny I've got your number. I need to make you mine. Jenny don't change your number _______. 8675309
52%
The Motels We lie about each other's drinks. We live without each other, thinking what anyone would do, without me and you. It's like I told you, only the ______ can play. lonely
42%
Bertie Higgins We had it all, just like Bogie and Bacall. Starring in our own late, late show, sailing away to ___ _____. Key Largo
38%
Earth, Wind, & Fire Let this ______ get you to move. It's alright alright. Let this ______ set in your shoes, so stand up, alright alright groove groove
30%
No matching quizzes found
Score Distribution
Percent of People with Each Score
Percentile by Number Answered
Your Score History
You have not taken this quiz